Halal Business Management : a guide to achieving halal excellence / (Record no. 46532)

MARC details
000 -LEADER
fixed length control field 02689cam a22003738i 4500
001 - CONTROL NUMBER
control field 21601021
005 - DATE AND TIME OF LATEST TRANSACTION
control field 20260512164831.0
008 - FIXED-LENGTH DATA ELEMENTS--GENERAL INFORMATION
fixed length control field 200706s2021 enk b 001 0 eng
010 ## - LIBRARY OF CONGRESS CONTROL NUMBER
LC control number 2020029472
020 ## - INTERNATIONAL STANDARD BOOK NUMBER
International Standard Book Number 9780367625870
020 ## - INTERNATIONAL STANDARD BOOK NUMBER
International Standard Book Number 9780367625917
020 ## - INTERNATIONAL STANDARD BOOK NUMBER
Canceled/invalid ISBN 9781003109853
035 ## - SYSTEM CONTROL NUMBER
System control number 21601021
041 ## - LANGUAGE CODE
Language code of text/sound track or separate title Eng.
042 ## - AUTHENTICATION CODE
Authentication code pcc
082 00 - DEWEY DECIMAL CLASSIFICATION NUMBER
Classification number 664.0068 TIE
100 1# - MAIN ENTRY--PERSONAL NAME
Author Tieman, Marco,
245 10 - TITLE STATEMENT
Title Halal Business Management : a guide to achieving halal excellence /
260 ## - PUBLICATION, DISTRIBUTION, ETC.
Place New York
Publisher Routledge, Milton Park, Abingdon, Oxon
Publication Year 2021
300 ## - PHYSICAL DESCRIPTION
Extent 206;. P. 21 cm
504 ## - BIBLIOGRAPHY, ETC. NOTE
Bibliography, etc. note Includes bibliographical references and index.
520 ## - SUMMARY, ETC.
Summary, etc. "The halal industry is a fast-growing industry due to demographics and industry expansion. Halal certification of products, outlets, and services is essential for doing business in Muslim (majority) countries. This book shares the building blocks of professional halal business management, covering halal certification, halal supply chain management, halal branding & marketing, and halal risk & reputation management. Drawing on years of academic research and advisory experience, the book provides practical advice and guidance on how best to organise and upscale your halal business operations. Winning companies in the halal industry are those that embrace halal excellence by design. Halal excellence is a process, a pursuit of excellence. Halal business management is beyond halal certification, and needs to address also supply chain management, halal branding & marketing, and risk and reputation management. Halal excellence needs measurement through adopting the right key performance indicators, to protecting your halal reputation and licence to operate in Muslim markets. This book gives you proven, practical strategies to guide you in the halal industry. The book is for all of those organisations involved in serving Muslim markets as well as a course book for graduate and post graduate education in halal business management"--
650 #0 - SUBJECT ADDED ENTRY--TOPICAL TERM
Subject Halal food industry
650 #0 - SUBJECT ADDED ENTRY--TOPICAL TERM
Subject Halal food industry
942 ## - ADDED ENTRY ELEMENTS (KOHA)
Koha item type Books
263 ## - PROJECTED PUBLICATION DATE
Projected publication date 2101
264 #1 - PRODUCTION, PUBLICATION, DISTRIBUTION, MANUFACTURE, AND COPYRIGHT NOTICE
Place of production, publication, distribution, manufacture Milton Park, Abingdon, Oxon ;
-- New York, NY :
Name of producer, publisher, distributor, manufacturer Routledge,
Date of production, publication, distribution, manufacture, or copyright notice 2021.
336 ## - CONTENT TYPE
Content type term text
Content type code txt
Source rdacontent
337 ## - MEDIA TYPE
Media type term unmediated
Media type code n
Source rdamedia
338 ## - CARRIER TYPE
Carrier type term volume
Carrier type code nc
Source rdacarrier
776 08 - ADDITIONAL PHYSICAL FORM ENTRY
Relationship information Online version:
Main entry heading Tieman, Marco.
Title Halal business management
Place, publisher, and date of publication Milton Park, Abingdon, Oxon ; New York, NY : Routledge, 2021.
International Standard Book Number 9781003109853
Record control number (DLC) 2020029473
906 ## - LOCAL DATA ELEMENT F, LDF (RLIN)
a 7
b cbc
c orignew
d 1
e ecip
f 20
g y-gencatlg
Holdings
Withdrawn status Lost status Source of classification or shelving scheme Damaged status Not for loan Home library Current library Shelving location Accession Date Vendor Price Bill number Total Checkouts Full call number Barcode No Date last seen Discount Cost, replacement price Bill Date Koha item type Suggested By
    Dewey Decimal Classification     IMTN IMTN Rack 38-A 05/12/2026 Raghav Books Private Limited 4661.42 2630   664.0068 TIE 33999 05/12/2026 33 3123.15 04/30/2026 Books Recommended by Dr Md. Ahsan Sadiq
Designed & Maintained by: LRC IMT Nagpur Contact: lrc@imtnag.ac.in© 2024. All Rights Reserved.